Perceptions and impacts of FRAM-A: a Norwegian farm business development programme (Record no. 74643)

MARC details
000 -LEADER
fixed length control field 01207cab a2200229 4500
001 - CONTROL NUMBER
control field ABS68575
008 - FIXED-LENGTH DATA ELEMENTS--GENERAL INFORMATION
fixed length control field 041202n2004 000 0 eng u
035 ## - SYSTEM CONTROL NUMBER
System control number (Sirsi) u128186
100 ## - MAIN ENTRY--PERSONAL NAME
Personal name Flaten, O.
245 ## - TITLE STATEMENT
Title Perceptions and impacts of FRAM-A: a Norwegian farm business development programme
260 ## - PUBLICATION, DISTRIBUTION, ETC.
Date of publication, distribution, etc. 2004
490 ## - SERIES STATEMENT
Series statement Farm Management
Volume/sequential designation 12(2) October 2004, 75-89(15)
520 ## - SUMMARY, ETC.
Summary, etc. The FRAM-A(gro) programme has been initiated to improve Norwegian farmers' business and strategic management skills. Economic results have been found to vary between farmers operating under similar conditions, suggesting that management factors and human resources have an effect on financial performance. This article reports on an evaluation of the early projects. Key findings are that the learning model combining three approaches (theory, group learning and on-farm activities) was successful and that farmers were satisfied with the one-to-one consultancy. References.
590 ## - LOCAL NOTE (RLIN)
Local note ABS
650 ## - SUBJECT ADDED ENTRY--TOPICAL TERM
Topical term or geographic name entry element FARM MANAGEMENT
650 ## - SUBJECT ADDED ENTRY--TOPICAL TERM
Topical term or geographic name entry element BUSINESS SKILLS
650 ## - SUBJECT ADDED ENTRY--TOPICAL TERM
Topical term or geographic name entry element FINANCIAL MANAGEMENT
650 ## - SUBJECT ADDED ENTRY--TOPICAL TERM
Topical term or geographic name entry element BUSINESS ADVICE
690 ## - LOCAL SUBJECT ADDED ENTRY--TOPICAL TERM (OCLC, RLIN)
Topical term or geographic name as entry element RURAL-FARM BUSINESS MANAGEMENT
700 ## - ADDED ENTRY--PERSONAL NAME
Personal name Kjesbu, E.
942 ## - ADDED ENTRY ELEMENTS (KOHA)
Suppress in OPAC 0
Holdings
Withdrawn status Lost status Source of classification or shelving scheme Damaged status Not for loan Home library Current library Shelving location Date acquired Total Checkouts Full call number Barcode Date last seen Copy number Price effective from Koha item type
    Dewey Decimal Classification     London London Journal article 03/12/2004   ABS68575 128186-1001 06/08/2019 1 06/08/2019 Journal article